| 000 | 00649nam a22002057a 4500 | ||
|---|---|---|---|
| 005 | 2010081207337.0 | ||
| 010 | _aENG-99945 | ||
| 020 |
_a9788180481321 _c190.00 |
||
| 035 | _aEN-83477 | ||
| 037 | _bDBAD/PUB | ||
| 082 | _a881 | ||
| 100 |
_aKaur, Kulbir _911526 |
||
| 245 |
_aEternity in motion / _cby Kulbir Kaur |
||
| 260 |
_aChandigarh _bArun Publishing House _c2008 |
||
| 270 |
_aSCO 49-51, Sector 17 C. _bChandigarh _e160017 |
||
| 300 |
_a80p. _c21cm (Hb) |
||
| 650 |
_aPoetry _911527 |
||
| 942 |
_2ddc _cEN _h881 _mKAU |
||
| 999 |
_c41245 _d41245 |
||